| 000 | 00376 a2200157 4500 | ||
|---|---|---|---|
| 001 | 152787 | ||
| 040 | _cEscola São Tomás de Aquino | ||
| 100 | _aALENCAR, José de | ||
| 240 | 1 | 0 |
_aO guarani _lpor |
| 245 | 1 | 0 | _aO guarani |
| 300 | _a95 | ||
| 362 | 0 | _a2009 | |
| 440 | 1 | _aÁtica | |
| 697 | _aCaricaturas, desenho animado, cômico, fotonovelas / Quadrinhos | ||
| 942 | _cBK | ||
| 999 |
_c152787 _d152787 |
||